Ergonomic checkpoints (Record no. 222996)
[ view plain ]
| 000 -LEADER | |
|---|---|
| fixed length control field | 01540nam a2200325 a 4500 |
| 245 00 - TITLE STATEMENT | |
| Title | Ergonomic checkpoints |
| 250 ## - EDITION STATEMENT | |
| Edition statement | 2nd ed. |
| 260 ## - PUBLICATION, DISTRIBUTION, ETC. (IMPRINT) | |
| Place of publication | Geneva : |
| Name of publisher | International Labour Office, |
| Year of publication | 2010. |
| 300 ## - PHYSICAL DESCRIPTION | |
| Number of Pages | xxx, 303 p. : |
| Other physical details | col. ill. |
| 505 0# - FORMATTED CONTENTS NOTE | |
| Formatted contents note | Materials storage and handling -- Machine safety -- Workstation design -- Lighting -- Premises -- Hazardous substances and agents -- Welfare facilities -- Work organization -- Annexes. |
| 650 #0 - SUBJECT ADDED ENTRY--TOPICAL TERM | |
| Topical Term | Human engineering. |
| 856 40 - ELECTRONIC LOCATION AND ACCESS | |
| Uniform Resource Identifier | http://site.ebrary.com/lib/rucke/Doc?id=10512056 |
No items available.
